European Higher Education at the Crossroads : Between the Bologna Process and National Reforms

Enregistré dans:
Détails bibliographiques
Autres auteurs: Curaj, Adrian (Éditeur intellectuel), et al (Éditeur intellectuel)
Format: Livre
Langue:anglais
Publié: Dordrecht : Springer Science-Business Media, 2012
Tags: Ajouter un tag
Pas de tags, Soyez le premier à ajouter un tag!

MARC

LEADER 00000nam a22000003a 4500
001 stu262260
005 20190206105221.5
008 130206s2012----ne------------------eng-d
020 |a 978-94-007-3936-9 
040 |a STU  |b slo 
041 0 |a eng 
044 |a ne 
100 1 |a Curaj, Adrian  |4 edt 
245 1 |a European Higher Education at the Crossroads :  |b Between the Bologna Process and National Reforms 
260 |a Dordrecht :  |b Springer Science-Business Media,  |c 2012 
300 |a 2 parts, 1103 s 
700 1 |a et al.  |4 edt 
996 |b 284M084772  |c M*13362/1-1  |l MMKN  |s A  |a 24  |w stu262260_0001 
996 |b 284M084773  |c M*13362/2-1  |l MMKN  |s A  |a 24  |w stu262260_0002